| 000 | 01138nam2a2200265 4500 | ||
|---|---|---|---|
| 001 | RU\NLR\bibl\491490 | ||
| 005 | 20250623195329.0 | ||
| 010 |
_a5-696-02504-8 _980 |
||
| 021 |
_aRU _b2004-1690 _990 |
||
| 035 | _a(NLR Aleph) 000484161 | ||
| 090 |
_a1072553 _c1072553 |
||
| 100 | _a20040216d2003 |||y0rusy50 ca | ||
| 101 | 0 | _arus | |
| 102 | _aRU | ||
| 105 | _aa ||||||||| | ||
| 200 | 0 | _aЧ. 1 | |
| 210 |
_d2003 _aБ. м. |
||
| 215 |
_a81,[1] с. _cил. |
||
| 320 | _aБиблиогр.: с. 81 (11 назв.) | ||
| 461 | 0 |
_1001RU\NLR\bibl\495296 _12001#$aТехнология швейных изделий$vЧ. 1 _91095137 _aСмолина, О. А. _cЧелябинск _d2003 _fО.А. Смолина _nИзд-во ЮУрГУ _oУчеб. пособие : [Для студентов спец. 280800 - "Технология швейн. изделий", 280900 - "Конструирование швейн. изделий", 230700 - "Сервис"] _tТехнология швейных изделий _vЧ. 1 |
|
| 801 | 0 |
_aRU _bNLR _c20040216 _gPSBO |
|
| 801 | 1 |
_aRU _bNLR _c20040216 |
|
| 942 | _cBOOK | ||
| 980 | _aNB | ||